00383nam a2200157Ia 4500008004100000020001500041041001200056082001600068100001700084245005000101250000800151260002500159300000800184650001500192700001800207221030s9999 xx 000 0 und d a0070601607 aEnglish a105.23bTho aC. R. Thomas 0aManagerial Economics : Concepts & Application a8th bTMHaNew Delhic2005 a748 aManagement aS. C. Maurice